| 000 | 00954nam a2200289 a 4500 | ||
|---|---|---|---|
| 001 | 000010863 | ||
| 005 | 20200120221901.0 | ||
| 008 | 990315s1997 col gr 0 000 d | ||
| 020 | _a958-30-0290-9 | ||
| 082 | 0 | 4 |
_a920.72 _bD27 |
| 245 | 1 | 4 |
_aLas desobedientes : mujeres de nuestra América / _cdirectoras de Proyecto: María Mercedes Jaramillo, Betty Osorio de Negret. |
| 260 |
_aBogotá : _bPanamericana, _c1997. |
||
| 300 | _a576 p. | ||
| 490 | 0 | _aEnsayo | |
| 500 | _aEj. 1, 2 y 3 solicitado por biblioteca ICEF para Plan Lector | ||
| 500 | _aEjs. 2, 3 y 4 de Marichuela donados por la SED | ||
| 500 | _aEj.1, 2 y 3 de Mosquera 2a. ed. 1998 | ||
| 650 | 1 | 4 | _aMUJERES |
| 650 | 1 | 4 | _aBIOGRAFIAS |
| 650 | 1 | 4 | _aFEMINISMO |
| 650 | 1 | 4 | _aHISTORIA |
| 651 | _aAMERICA LATINA | ||
| 700 | 1 | _aOsorio Betty, dir. | |
| 700 | 1 | _aJaramillo, María Mercedes, dir. | |
| 740 | 0 | _aMujeres de nuestra América | |
| 901 | _aCompra : Panamericana, $ 25.850.00 | ||
| 999 |
_c717 _d717 |
||